Statistics for Austin Powers Trivia

Click here to take the quiz!

General Stats

  • This quiz has been taken 6,347 times
  • The average score is 13 of 20

Answer Stats

HintAnswer% Correct
Austin's archnemesisDr. Evil
97%
Austin Powers is a parody of
this fictional spy
James Bond
96%
Actor who starred as Austin PowersMike Myers
96%
Diminutive clone of the aboveMini-Me
95%
Fill in the blank: Shall we ____
now, or shall we ____ later?
Shag
88%
Fat Bastard's nationality
(be specific)
Scottish
84%
Fat Bastard's catchphraseGet in my {belly}
81%
Leading actressBeyoncé Knowles
71%
Species of Mr. BigglesworthCat
69%
Villain of the third movieGoldmember
64%
Robots that were dazzled by
Austin's sexiness
Fembots
62%
Actor who starred as Scott EvilSeth Green
58%
First name of Ms. FaginaAlotta
55%
First name of Ms. HumpalotIvana
53%
But instead of throwing a hat,
he throws a …
Shoe
52%
Leading actressElizabeth Hurley
51%
Leading actressHeather Graham
45%
Austin Powers's middle nameDanger
42%
The Austin Powers version
of Odd Job
Random {Task}
37%
These ill-tempered fish were used
when sharks were not available
Sea Bass
30%

Score Distribution

Percentile by Number Answered

Percent of People with Each Score

Your Score History

You have not taken this quiz